| 000 | 00472nam a2200169 4500 | ||
|---|---|---|---|
| 001 | 117585 | ||
| 003 | ES-MaACL | ||
| 005 | 20230906190932.0 | ||
| 007 | t| | ||
| 008 | 070214s1972 sp r ||||1| spa d | ||
| 100 | 1 |
_aPañella Bonastre, Juan. _988835 |
|
| 245 | 1 | 0 |
_aArboles de jardín / _cJuan Pañella Bonastre. |
| 250 | _a1ª ed. | ||
| 260 |
_aVilassar de Mar : _bOikos-tau, _c1972. |
||
| 300 |
_a300 p., 20 lám. ; _c24 cm. |
||
| 852 |
_aES-MaACL _jC-44460 _bR.83659 |
||
| 999 |
_c117585 _d117585 |
||